00468nam a22001577a 450000500170000001000150001702000260003203500140005803700090007208200130008110000220009424500750011626000540019127000450024530000200029020250529164608.0 aENG-145035 c650.00a9789393166012 aEN-128567 bDBAD a305.421 aNaik, Abdul Basit aBreaking The Stereotype:bInpiring Women of Kashmir/cAbdul Basit Naik bSocial Research Foundation c2022aUttar Predesh  a128/170, H-Block, Kidwai Nagar, bKanpur a250p.c21cm(Hb)